000 01484nam0a2200313 4500
001 RU\NLR\bibl\368570
005 20250621162805.0
021 _aRU
_b2002-13923п
_9522
035 _a(NLR Aleph) 000363128
090 _a348331
_c348331
100 _a20010905d2002 |||y0rusy50 ca
101 0 _arus
102 _aRU
105 _aa |||||||||
200 1 _aПроблемы медицинской генетики в Приморском крае: достижения и перспективы
_e(К 25-летию Мед.-генет. службы Примор. края и 5-летию Краев. клин. центра охраны материнства и детства)
_e[Сб. ст.]
210 _aВладивосток
_cДальнаука
_d2002
215 _a100 с.
_cил., портр.
_d28
225 1 _aТихоокеанский медицинский журнал
_eРецензируемый науч.-практ. журн.
_vN1(8): Спец. вып.
320 _aБиблиогр. в конце ст.
606 0 _aГенетика медицинская
_jСборники
_9915087
_3RU\NLR\auth\6615299
606 0 _aМедико-генетическая помощь
_jСборники
_91005734
_3RU\NLR\auth\6664380
686 _aР11(2)284.19я43
686 _aР41,4я43
801 0 _aRU
_bNLR
_c20030218
_gPSBO
801 1 _aRU
_bNLR
_c20030218
852 _aNLR
_jП17/648
942 _cBOOK
980 _aNB